| 000 | 00542nam a2200181Ia 4500 | ||
|---|---|---|---|
| 008 | 100920s9999 xx 000 0 und d | ||
| 082 |
_b67088 _a--- थ 88 |
||
| 100 | _aकाशिकर अेस. अेम. | ||
| 245 | _aदिशाभूल. | ||
| 260 |
_bसूरज प्रकाशन, पुणे. _c1988 |
||
| 300 |
_a216 _bसाधी |
||
| 365 | _b50 | ||
| 520 | _aकादंबरी. | ||
| 630 | _aदिशाभूल. | ||
| 650 | _aकादंबरी. | ||
| 730 | _aदिशाभूल. | ||
| 942 | _cBOOK | ||
| 999 |
_c709606 _d709603 |
||